Statistics for Germany Squad FIFA World Cup 2006 Football / Soccer

Click here to take the quiz!

General Stats

  • This quiz has been taken 1,043 times
  • The average score is 13 of 24

Answer Stats

No.ClubName% Correct
1FC Arsenal LondonJens Lehmann
90%
11Werder BremenMiroslav Klose
90%
16Bayern MünchenPhilipp Lahm
87%
13FC Chelsea LondonMichael Ballack
86%
7Bayern MünchenBastian Schweinsteiger
83%
20Bayern MünchenLukas Podolski
80%
12Bayern MünchenOliver Kahn
79%
--CoachJürgen Klinsmann
69%
8Werder BremenTorsten Frings
66%
17Werder BremenPer Mertesacker
63%
3Hertha BSC BerlinArne Friedrich
55%
22Real Betis SevillaDavid Odonkor
54%
10Borussia MönchengladbachOliver Neuville
54%
19Bayer LeverkusenBernd Schneider
52%
21Borussia DortmundChristoph Metzelder
47%
4FC MiddlesbroughRobert Huth
43%
18Werder BremenTim Borowski
42%
5Borussia DortmundSebastian Kehl
38%
15VfB StuttgartThomas Hitzlsperger
34%
23VfB StuttgartTimo Hildebrand
33%
14FC Schalke 04Gerald Asamoah
30%
2Borussia MönchengladbachMarcell Jansen
29%
6Bayer LeverkusenJens Nowotny
22%
9VfL WolfsburgMike Hanke
22%

Score Distribution

Percentile by Number Answered

Percent of People with Each Score

Your Score History

You have not taken this quiz